Family budget enquiry in 24 towns of West Bengal including Calcutta 1955-56 (Record no. 425562)

000 -LEADER
fixed length control field 00397cam a22001097a 4500
008 - FIXED-LENGTH DATA ELEMENTS--GENERAL INFORMATION
fixed length control field 180718b1960 xxu||||| |||| 00| 0 eng d
082 ## - DEWEY DECIMAL CLASSIFICATION NUMBER
Classification number XA94x5412 B436
245 ## - TITLE STATEMENT
Title Family budget enquiry in 24 towns of West Bengal including Calcutta 1955-56
Statement of responsibility, etc. by State Statistical Bureau, West Bengal
260 ## - PUBLICATION, DISTRIBUTION, ETC.
Place of publication, distribution, etc. Alipore
Name of publisher, distributor, etc. Government Press
Date of publication, distribution, etc. 1960
300 ## - PHYSICAL DESCRIPTION
Extent 178p.
700 ## - ADDED ENTRY--PERSONAL NAME
Personal name West Bengal.State Statistical Bureau
Holdings
Withdrawn status Lost status Damaged status Not for loan Permanent Location Current Location Date acquired Full call number Barcode Date last seen Price effective from Koha item type
        Indian Institute of Public Administration Indian Institute of Public Administration 2009-10-09 XA94x5412 B436 24563 2018-07-21 2018-07-21 Book

Powered by Koha